000
00405nam a22001457a 4500
041
_a
ukr
080
_a
80
090
_b
ЖЛУ
100
_a
Жлуктенко, Ю.О.
245
_a
Порівняльна граматика англійської та української.
260
_a
Київ
_b
Радянська школа
_c
1960
300
_a
160
650
_a
English Grammar
999
_c
281751
_d
281751
942
_c
BK